00744pam a2200181 a 4500020000500000041000500005082001700010100001900027245005800046250001100104260005600115300001300171700001800184930000900202999001900211952016600230952016600396 c h a381.142bKAL aKalakota, Ravi aE-Business 2.0 Roadmap For SuccesshTextual Documents a2nd ed aNew DelhibPearson Education [Addison Wesley]c2005 aXXIV/520 aRobinso0N, M. a4665 c111495d111495 001040708GeneralaAKSbAKScAKS-MCA-CIR-Rack-42d2005-11-25eGrolier Book Companyg350.00l0o381.142 KALpAKS-C-01452r2023-03-01 00:00:00t2w2023-03-01yBK 001040708GeneralaAKSbAKScAKS-MCA-CIR-Rack-45d2005-11-25eGrolier Book Companyg350.00l0o381.142 KALpAKS-C-01451r2023-03-01 00:00:00t1w2023-03-01yBK